000 00450nam a2200169Ia 4500
003 GCL
008 140319s9999 xx 000 0 eng d
040 _aGCL /
_cGCL
082 0 4 _a192
_bG A
100 1 _aGRIFFITHS, A. PHILLIPS
245 1 0 _aA. J. AYER MEMORIAL ESSAYS /
_cGRIFFITHS, A. PHILLIPS
260 _a[S.N] :
_bCAMBRIDGE UNIVERSITY PRESS ،
_c1991
300 _a239 P
650 0 4 _aPHILOSOPHY
650 0 4 _aAYER, A. J.
942 _2ddc
_cBK
999 _c10384
_d10384